Les collectivités territoriales en France (notice n° 1556305)
[ vue normale ]
| 000 -LEADER | |
|---|---|
| fixed length control field | 01757cam a2200277zu 4500 |
| 003 - CONTROL NUMBER IDENTIFIER | |
| control field | FRCYB88807770 |
| 005 - DATE AND TIME OF LATEST TRANSACTION | |
| control field | 20251020124055.0 |
| 008 - FIXED-LENGTH DATA ELEMENTS--GENERAL INFORMATION | |
| fixed length control field | 251020s2011 fr | o|||||0|0|||fre d |
| 020 ## - INTERNATIONAL STANDARD BOOK NUMBER | |
| International Standard Book Number | 9782247085637 |
| 035 ## - SYSTEM CONTROL NUMBER | |
| System control number | FRCYB88807770 |
| 040 ## - CATALOGING SOURCE | |
| Original cataloging agency | FR-PaCSA |
| Language of cataloging | fr |
| Transcribing agency | |
| Description conventions | rda |
| 100 1# - MAIN ENTRY--PERSONAL NAME | |
| Personal name | Verpeaux, Michel |
| 245 01 - TITLE STATEMENT | |
| Title | Les collectivités territoriales en France |
| Statement of responsibility, etc. | ['Verpeaux, Michel'] |
| 264 #1 - PRODUCTION, PUBLICATION, DISTRIBUTION, MANUFACTURE, AND COPYRIGHT NOTICE | |
| Name of producer, publisher, distributor, manufacturer | Dalloz |
| Date of production, publication, distribution, manufacture, or copyright notice | 2011 |
| 300 ## - PHYSICAL DESCRIPTION | |
| Extent | p. |
| 336 ## - CONTENT TYPE | |
| Content type code | txt |
| Source | rdacontent |
| 337 ## - MEDIA TYPE | |
| Media type code | c |
| Source | rdamdedia |
| 338 ## - CARRIER TYPE | |
| Carrier type code | c |
| Source | rdacarrier |
| 520 ## - SUMMARY, ETC. | |
| Summary, etc. | Les collectivités territoriales en France ont une longue histoire mais leur place au sein de l'État a été profondément et durablement renforcée à partir de 1982 du fait des « lois de décentralisation ». Elles ont acquis une légitimité plus grande, des compétences plus étendues et des moyens d'action plus adaptés. Une nouvelle étape a été franchie avec la loi de réforme des collectivités territoriales du 16 décembre 2010. Elle devrait être encore suivie d'autres textes. Le présent ouvrage prend acte de ces évolutions dont certaines sont en cours. Il s'adresse à tous ceux qui s'intéressent à la vie locale, qu'ils soient élus, fonctionnaires ou étudiants. Michel Verpeaux est professeur de droit public à l'Université Panthéon-Sorbonne (Paris I). Il intervient depuis de nombreuses années au Centre national de la fonction publique territoriale et a rédigé, dans la même collection, un ouvrage sur La région et un autre sur La Constitution |
| 650 #0 - SUBJECT ADDED ENTRY--TOPICAL TERM | |
| Topical term or geographic name entry element | |
| 700 0# - ADDED ENTRY--PERSONAL NAME | |
| Personal name | Verpeaux, Michel |
| 856 40 - ELECTRONIC LOCATION AND ACCESS | |
| Access method | Cyberlibris |
| Uniform Resource Identifier | <a href="https://international.scholarvox.com/netsen/book/88807770">https://international.scholarvox.com/netsen/book/88807770</a> |
| Electronic format type | text/html |
| Host name | |
Pas d'exemplaire disponible.




Réseaux sociaux